Использование метода АВС для определения себестоимости продукции; Энергия молодых - экономике России; [Ч. 1]

Detalles Bibliográficos
Parent link:Энергия молодых - экономике России: труды VIII Международной научно-практической конференции студентов и молодых ученых, г. Томск, 19-22 марта 2007 г./ Томский политехнический университет (ТПУ) ; Вольное экономическое общество России (ВЭО России) ; Международный союз экономистов (МСЭ).— , 2007
[Ч. 1].— 2007.— С. 423-425
Autor principal: Валиуллина Н. Т.
Otros Autores: Жданова А. Б. Анна Борисовна (научный руководитель)
Lenguaje:ruso
Publicado: 2007
Materias:
Formato: Capítulo de libro
KOHA link:https://koha.lib.tpu.ru/cgi-bin/koha/opac-detail.pl?biblionumber=133185

MARC

LEADER 00000naa2a2200000 4500
001 133185
005 20231031135236.0
035 |a (RuTPU)RU\TPU\book\144314 
090 |a 133185 
100 |a 20080313d2007 k y0rusy50 ca 
101 0 |a rus 
102 |a RU 
200 1 |a Использование метода АВС для определения себестоимости продукции  |f Н. Т. Валиуллина  |g науч. рук. А. Б. Жданова 
320 |a Библиогр.: 5 назв. 
461 0 |0 (RuTPU)RU\TPU\book\169966  |t Энергия молодых - экономике России  |o труды VIII Международной научно-практической конференции студентов и молодых ученых, г. Томск, 19-22 марта 2007 г.  |f Томский политехнический университет (ТПУ) ; Вольное экономическое общество России (ВЭО России) ; Международный союз экономистов (МСЭ)  |d 2007 
463 0 |0 (RuTPU)RU\TPU\book\136477  |t [Ч. 1]  |v С. 423-425  |d 2007 
610 1 |a себестоимость продукции 
610 1 |a метод АВС 
610 1 |a накладные расчёты 
610 1 |a затраты 
610 1 |a система учёта 
610 1 |a труды учёных ТПУ 
700 1 |a Валиуллина  |b Н. Т. 
702 1 |a Жданова  |b А. Б.  |c экономист  |c доцент Томского политехнического университета  |g Анна Борисовна  |2 stltpush  |4 727 
801 1 |a RU  |b 63413507  |c 20080313  |g PSBO 
801 2 |a RU  |b 63413507  |c 20161007  |g RCR 
942 |c BK